| 000 | 00972cam a2200241 4500 | ||
|---|---|---|---|
| 001 | 10655 | ||
| 005 | 20230404125640.0 | ||
| 008 | 060907n1996 wau spa | ||
| 035 | _9funglode10739 | ||
| 041 | _aspa | ||
| 050 | 1 | 4 | _aCD F |
| 100 | _aVives, Antonio | ||
| 245 | 1 |
_aInfraestructura privada : _bDiez mandamientos para su sostenibilidad / _cAntonio Vives |
|
| 260 |
_aWashington D.C. : _bBID, _c1996 |
||
| 300 | _a20 p. | ||
| 490 | 1 |
_aReprint series ; _vIFM-304 |
|
| 500 | _a"Este articulo fue publicado en el libro 'Financiación y gestión privada de infraestructuras de interés público', que contiene los documentos de la Conferencia Internacional del mismo nombre." | ||
| 504 | _aIncludes bibliographical references. | ||
| 650 | 0 |
_aPrivatization _zDeveloping countries. |
|
| 650 | 0 |
_aInfrastructure (Economics) _zDeveloping countries. |
|
| 710 | 2 |
_aInter-American Development Bank. _bInfrastructure and Financial Markets Division. |
|
| 942 |
_2lcc _ccd |
||
| 999 |
_c1863 _d1863 |
||